000 00600nam a22002057a 4500
999 _c1414
_d1414
003 AR-CdUCM
008 190227b ||||| |||| 00| 0 spa d
040 _aMUNICIPALIDAD PROVINCIAL DEL CUSCO
_cBIBLIOTECA MUNICIPAL DEL CUSCO
082 _a467.985 /
_bD278
100 _aDe Arona, Juan
_95371
245 _aDiccionario de Peruanismos /
260 _aLima :
_bPEISA,
_c1974.
300 _a 186 páginas ;
_c17 cm.
505 _a Diccionario.
650 _aLinguistica
_91640
650 _aJergas
_95372
650 _aLenguaje coloquial
_95373
942 _2ddc
_cLIBROS
945 _awnts
_d2019-02-27